American Literature Quiz 1700-1900 #1 - Statistics

General Stats
  • This quiz has been taken 90 times
  • The average score is 10 of 20
Answer Stats
Hint Answer % Correct
The Raven Edgar Allen Poe
92%
The Scarlet Letter Nathaniel Hawthorne
91%
The Declaration of Independence Thomas Jefferson
91%
Moby Dick Herman Melville
89%
Walden Henry Thoreau
80%
Common Sense Thomas Paine
77%
Leaves of Grass Walt Whitman
75%
The Last of the Mohicans James Fenimore Cooper
72%
The Legend of Sleepy Hollow Washington Irving
71%
The Celebrated Jumping Frog of Calaveras County Mark Twain
59%
The Dictionary of the English Language Noah Webster
59%
The Star Spangled Banner Francis Scott Key
56%
The U.S Constitution James Madison
48%
Paul Revere's Ride Henry Wadsworth Longfellow
36%
History Of Plymouth Plantation William Bradford
17%
Two Years Before the Mast Richard Henry Dana
9%
The Luck of Roaring Camp Bret Harte
8%
Thanatopsis William Cullen Bryant
8%
Uncle Remus Stories Joel Chandler Harris
7%
Old Ironsides Oliver Wendell Holmes
4%
No matching quizzes found
Score Distribution
Percent of People with Each Score
Percentile by Number Answered
Your Score History
You have not taken this quiz